书目信息 |
| 题名: |
近现代汉语论稿
|
|
| 作者: | 徐复岭 著 | |
| 分册: | ||
| 出版信息: | 北京 线装书局 2019 |
|
| 页数: | 453页 | |
| 开本: | 24cm | |
| 丛书名: | 当代语言学丛书 | |
| 单 册: | ||
| 中图分类: | H109.2-53 | |
| 科图分类: | ||
| 主题词: | 古汉语--gu han yu--文集 , 现代汉语--xian dai han yu--文集 | |
| 电子资源: | ||
| ISBN: | 978-7-5120-3457-0 | |
| 000 | 01066oam2 2200265 450 | |
| 001 | 2151100470 | |
| 005 | 20211018173724.0 | |
| 010 | @a978-7-5120-3457-0@dCNY98.00 | |
| 100 | @a20190731d2019 em y0chiy50 ea | |
| 101 | 0 | @achi |
| 102 | @aCN@b110000 | |
| 105 | @ay z 000yy | |
| 106 | @ar | |
| 200 | 1 | @a近现代汉语论稿@Ajin xian dai han yu lun gao@f徐复岭著 |
| 210 | @a北京@c线装书局@d2019 | |
| 215 | @a453页@d24cm | |
| 225 | 2 | @a当代语言学丛书@Adang dai yu yan xue cong shu |
| 330 | @a本书是一本关于近代汉语和现代汉语语法、词汇等的论文集。近代汉语部分,主要对近古(元、明、清)汉语和方言中的特殊句式、语气助词及其他虚词,特别是对《金瓶梅词话》《醒世姻缘传》《聊斋俚曲集》等文献中的某些语法现象、疑难词语等进行了描写、分析和考释。现代汉语部分,对语素、词、短语和句子等语法单位均有论及。 | |
| 461 | 0 | @12001 @a当代语言学丛书 |
| 606 | 0 | @a古汉语@Agu han yu@j文集 |
| 606 | 0 | @a现代汉语@Axian dai han yu@j文集 |
| 690 | @aH109.2-53@v5 | |
| 701 | 0 | @a徐复岭@Axu fu ling@f(1942-)@4著 |
| 801 | 0 | @aCN@b百万庄@c20211016 |
| 905 | @b1309720-23@dH109.2-53@e83@f4 | |
| 近现代汉语论稿/徐复岭著.-北京:线装书局,2019 |
| 453页;24cm.-(当代语言学丛书) |
| ISBN 978-7-5120-3457-0:CNY98.00 |
| 本书是一本关于近代汉语和现代汉语语法、词汇等的论文集。近代汉语部分,主要对近古(元、明、清)汉语和方言中的特殊句式、语气助词及其他虚词,特别是对《金瓶梅词话》《醒世姻缘传》《聊斋俚曲集》等文献中的某些语法现象、疑难词语等进行了描写、分析和考释。现代汉语部分,对语素、词、短语和句子等语法单位均有论及。 |
| ● |
| 相关链接 |
|
|
|
|
正题名:近现代汉语论稿
索取号:H109.2-53/83
 
预约/预借
| 序号 | 登录号 | 条形码 | 馆藏地/架位号 | 状态 | 备注 |
| 1 | 1309720 | 213097209 | 第二样本阅览室/ [索取号:H109.2-53/83] | 在馆 | |
| 2 | 1309721 | 213097218 | 第四借阅区/ [索取号:H109.2-53/83] | 在馆 | |
| 3 | 1309722 | 213097227 | 第四借阅区/ [索取号:H109.2-53/83] | 在馆 | |
| 4 | 1309723 | 213097236 | 第四借阅区/ [索取号:H109.2-53/83] | 在馆 |